000 00315nam a2200133Ia 4500
100 _aLudwig/Reinhold/ Bretchko/Pavel
942 _cBK
654 _arf
245 _aRF Circuit Design:Theory and applications
260 _bPearson Education
_c2000
082 _a621.38132
_bLUD
300 _a642
546 _aENGLISH
999 _c24848
_d24848